| 000 | 00528nam a2200205Ia 4500 | ||
|---|---|---|---|
| 003 | GCL | ||
| 008 | 140319s9999 xx 000 0 eng d | ||
| 040 |
_aGCL / _cGCL |
||
| 082 | 0 | 4 |
_a338.4791 _bH L |
| 100 | 1 | _aHALL, EUGENE J. | |
| 245 | 1 | 0 |
_aTHE LANGUAGE OF TOURISM IN ENGLISH / _cHALL, EUGENE J. |
| 260 |
_a[S.N] : _bREGENTS PUBLISHING COMPANY, INC ، _c1976 |
||
| 300 | _a118 P | ||
| 650 | 0 | 4 | _aECONOMICS |
| 650 | 0 | 4 | _aTRAVELS |
| 650 | 0 | 4 | _aTOURISM |
| 650 | 0 | 4 | _aACCOMODATIONS |
| 650 | 0 | 4 | _aCATERING |
| 942 |
_2ddc _cBK |
||
| 999 |
_c17307 _d17307 |
||